| 000 | 00332 a2200121 4500 | ||
|---|---|---|---|
| 020 | _a9780896937338 | ||
| 050 |
_aBS2685.3 _b.W52 1975 |
||
| 100 |
_aWiersbe, Warren W. _9654 |
||
| 245 |
_aBe free / _cWarren W. Wiersbe. |
||
| 260 |
_aColorado : _bCook Communication Ministries, _cc1975. |
||
| 300 |
_a172 p. ; _c20 cm. |
||
| 942 |
_2lcc _cBK _n0 |
||
| 999 |
_c1050 _d1050 |
||